00646nam a2200181 a 450000100060000000300090000600800410001504000280005608200180008410000280010224500480013026000520017830000080023065000440023894200120028299900170029495201530031113543CO-ViMGA141112s2004 ck r 000 u spa d aCO-ViMGAbspacCO-ViMGA04a986.603 F194i1 aFazio F, Mariano91974610aIdeologia de la emancipacion Guayaquileña aGuayaquil : bBanco Central del Ecuador, c1987 a16814aECUADOR - HISTORIA - 1812 - 1822919747 2ddccBK c24268d24268 00102ddc40708003aMEVIECARbMEVIECARd2015-12-04hVolumen. 1 | 11/jun/2009l0o986.603 F194i p13543r2015-12-04 00:00:00tEj. 1w2015-12-04yBK